1915 1699 1818 1769 1955 1734 1088 1355 1216 1610 1914 1279 1476 1764 1660 1767 1054 1663 1948 1414 1142 1831 1285 1823 1848 1755 1874 1256 1646 1792 1688 1881 1023 1616 1976 1874 1177 1347 1890 1964 1602 1498 1753 1825 1775 1704 1176 1205 1128 1171 1852 1220 1750 1491 1738 1376 1173 1816 1629 1323 1257 1867 1613 1633 1894 1844 1850 1774 1632 1238 1720 1709 1490 1818 1164 1522 1169 1856 1460 1522 1293 1097 1430 1741 1135 1431 1594 1748 1665 1202 1707 1251 1113 1658 1595 1927 1546 1030 1896 BCNSPRNW ULIB Ver.6.0+V

เปลี่ยนเป็นภาษาไทย

Change to English
 แสดงรายละเอียดบรรณานุกรม
  กลับหน้าหลัก

Brief Record : Get Marc (ISO 2709) : E-mail record : QR code < ปิดหน้าต่าง
LEADER : 00000nam 2200000uu 4500
001    13399109049
003     ULIB
008    110321s2552||||th 000 0 tha d
020    9746186995
024    9789746186995
050  4 BQ4190^bค167ห 2552
100 0  ครูไวทย์ สันตยารมณ์
245 10 ความหลังที่ยังจำได้ /^cครูไวทย์ สันตยารมณ์
246 30 สารคดีชีวประวัติ ความหลังที่ยังจำได้
260    กรุงเทพฯ :^bบ้านครูไวทย์,^c2552
300    130 หน้า ;^c22 ซม.
650  7 ธรรมะ
650  7 นวนิยายอิงธรรม
650  7 ธรรม^vรวมเรื่อง
945    ^p150^l0^i029812
945    ^p150^l0^i029813
995    เกษร
999     ^aใช้งานได้ทุกระบบ
รายการนี้ยังไม่มีแท็ก
คุณยังไม่ได้ล็อกอิน คุณสามารถมีกิจกรรมร่วมกับเว็บไซต์ได้ แต่ต้องล็อกอินก่อน ::
  ล็อกอิน

รายการสื่อสารสนเทศ

ลำดับที่ ประเภท เลขเรียก/บาร์โค้ด สถานที่ สถานะ
- ไม่พบข้อมูล -

รายการใกล้เคียง
    ผู้แต่ง [ครูไวทย์ สันตยารมณ์]

    หัวเรื่อง [ธรรมะ]
    หัวเรื่อง [นวนิยายอิงธรรม]

BibComment


ยังไม่เคยถูกคอมเมนท์

คอมเมนท์ทรัพยากรรายการนี้
  คอมเมนท์: ความหลังที่ยังจำไ..


 Copyright 2026. Bcnsprnw @Library